000 00568nam a2200193Ia 4500
008 140626s9999 xx 000 0 und d
100 _aCadiogan, Airah.
245 _aDecoding "the new order" :
_b audience interpretation of the 20th Philippine advertising congress television commercials /
_c Airah.Cadiogan
260 _cc2011.
300 _a8 : 2, page 35
440 _aPlaridel
521 _aMC
650 _aAdvertising.
650 _aAudience interpretations.
650 _aMedia.
650 _aTelevision.
650 _aThe new order.
942 _cSE
999 _c121244
_d121244